Statistiken für Größte Städte mit -burg

Klicken Sie hier um das Quiz zu spielen!

Allgemein

  • Dieses Quiz wurde 269 mal gespielt
    (184 seit der letzten Aktualisierung)
  • Das Durchschnittsergebnis liegt bei 5 aus 15

Antwortstatistiken

HintAntwort% Korrekt
1,8 MioHamburg
87%
957 TsdJohannesburg
48%
296 TsdAugsburg
39%
231 TsdFreiburg
37%
236 TsdMagdeburg
37%
153 TsdRegensburg
34%
159 TsdSalzburg
32%
5,7 MioSankt Petersburg
30%
126 TsdWürzburg
29%
123 TsdWolfsburg
25%
495 TsdDuisburg
24%
270 TsdStraßburg
16%
124 TsdLuxemburg
15%
170 TsdOldenburg
15%
1,3 MioJekaterinburg
10%

Verteilung der Resultate

Perzentil nach korrekt beantworteten Fragen

Anzahl Personen mit jedem Resultat

Ihre Resultats-Entwicklung

Sie haben dieses Quiz seit der letzten Aktualisierung nicht gespielt